000 00686nam a2200205Ia 4500
001 17776
003 GE_BSU
008 181216s||||||||xx |||||||||||||| ||und||
040 _cGE_BSU
080 _a621.002
100 _aСамоилов,С.И. Горелов,В.М. Браславский и др.
245 _aТехнология тяжелого машиностроения.
245 _cПод ред. С.И.Самоилова.
260 _aМ.
260 _bМашгиз.
260 _c1962.
300 _a590 стр. с илл. 22 см. Библиогр.: стр. 581-586.
653 _aТехнология тяжелого машиностроения.
942 _cBK
999 _c50823
_d50823